000 00661nam a2200229Ia 4500
005 20260320201754.0
008 008 262003s9999 xx 000 0 eng d
037 _aEBOOK
040 _aCRL
040 _beng
040 _cCRL
041 _2eng
041 _aeng
084 _qCRL
100 _aMiles
245 0 _aAdministering Windows Server Hybrid Core Infrastructure AZ-800 Exam Guide: Design, implement, and manage Windows Server core infrastructure on-premises and in the cloud
260 _bIEEE
856 _uhttps://ieeexplore.ieee.org/servlet/opac?bknumber=10162735
942 _cEBOOK
999 _c1723456
_d1723456